000 00867nam a22002057a 4500
005 20141114145536.0
008 141114b ck ||||| 2001 00| 0 spa d
041 _aspa
044 _ack
090 _aEA
_b00157
245 _aAgenda para la Gestión Ambiental del Municipio de Villamaría
260 _aManizales :
_bCorporación Autónoma Regional De Caldas-CORPOCALDAS
_c2001.
300 _a90 pag.
_bFot (col.), tab.
_c28 cm.
_eMapas.
504 _aIncluye referencias bibliográficas (pag 87-88-89)
650 _aProtección del medio ambiente
_zVilla María-Caldas( Dpt.Colombia)
_928664
650 _aRecursos naturales
_zVilla María-Caldas( Dpt.Colombia)
_928665
650 _aGestión ambiental
_zVilla María-Caldas( Dpt.Colombia)
_928666
650 _aConservación de los recursos naturales
_zVilla María-Caldas( Dpt.Colombia)
_928667
942 _2z
_cLIBRO
999 _c8795
_d8795